[Event "Bytom Black Horse School Cup"]
[Site "Bytom"]
[Date "2023.01.28"]
[Round "8"]
[White "Golimowski, Pawel"]
[Black "Gula, Grzegorz"]
[Result "1/2-1/2"]
[WhiteElo "1681"]
[BlackElo "1751"]
[PlyCount "74"]
[EventDate "2023.01.28"]
[EventType "swiss (rapid)"]
[EventRounds "9"]
[EventCountry "POL"]
[SourceTitle "CBM 213 Extra"]
[Source "ChessBase"]
[SourceDate "2023.05.31"]
[SourceVersion "1"]
[SourceVersionDate "2023.05.31"]
[SourceQuality "1"]

1. e4 e6 2. d4 d5 3. Nd2 Be7 4. c3 Nf6 5. e5 Nfd7 6. Bd3 c5 7. Ne2 Nc6 8. Nf3 Nf8 9. h4 Bd7 10. Bg5 h6 11. Bxe7 Qxe7 12. a3 a6 13. c4 cxd4 14. cxd5 exd5 15. Qb3 Ne6 16. Qxd5 Nf4 17. Nxf4 0-0 18. 0-0 Rfd8 19. Qe4 g6 20. e6 Be8 21. exf7+ Bxf7 22. Nxg6 Qxe4 23. Bxe4 Re8 24. Bd3 Kg7 25. h5 Bd5 26. Nd2 Ne5 27. Nxe5 Rxe5 28. Rfe1 Rxh5 29. f3 Rg8 30. Rac1 Rg5 31. Kf2 Bc6 32. Be4 Kf6 33. Bxc6 Rxg2+ 34. Kf1 Rxd2 35. Bxb7 Rgg2 36. Rc6+ Kf7 37. Rec1 Rgf2+ 1/2-1/2

[Event "Katowice POL-HUN 3rd"]
[Site "Katowice"]
[Date "2015.03.21"]
[Round "1"]
[White "Gula, Grzegorz"]
[Black "Warakomski, Tomasz"]
[Result "0-1"]
[WhiteElo "1765"]
[BlackElo "2449"]
[PlyCount "94"]
[EventDate "2015.03.21"]
[EventType "swiss (rapid)"]
[EventRounds "9"]
[EventCountry "POL"]
[SourceTitle "CBM 165 Extra"]
[Source "ChessBase"]
[SourceDate "2015.04.21"]
[SourceVersion "1"]
[SourceVersionDate "2015.04.21"]
[SourceQuality "1"]

1. e4 g6 2. Nc3 c6 3. d3 d5 4. Nf3 Bg7 5. exd5 cxd5 6. d4 Nc6 7. Bb5 f6 8. h3 Nh6 9. Be3 Nf7 10. 0-0 0-0 11. Qd2 a6 12. Ba4 b5 13. Bb3 e6 14. a3 Na5 15. Ba2 Nc4 16. Bxc4 bxc4 17. Na4 Rb8 18. c3 Qa5 19. Nc5 Rd8 20. Nh2 e5 21. f4 exd4 22. Bxd4 Bf8 23. Qe3 f5 24. Rab1 Rb5 25. b4 cxb3 26. Nd3 Qxa3 27. Nf3 Qe7 28. Nfe5 a5 29. Qf2 Nxe5 30. Nxe5 Qc7 31. Qe2 Ba6 32. Qd1 a4 33. Rf2 Bc5 34. Rd2 Bxd4+ 35. Rxd4 Qxc3 36. Rxa4 Bb7 37. Qe2 Rb6 38. Kh1 d4 39. Rc4 Qxh3+ 40. Kg1 Qe3+ 41. Qxe3 dxe3 42. Rc3 Rd2 43. Rxe3 Rxg2+ 44. Kf1 b2 45. Re2 Rxe2 46. Kxe2 Be4 47. Nd3 Rb3 0-1